000 00823nam a2200217Ia 4500
999 _c39423
_d39423
001 6014
003 GE_BSU
005 20190902113944.0
008 181216s1971||||ge |||||||||||||| ||geo||
040 _cGE_BSU
041 _ageo
080 _a821.353.1-4 ა-15
100 _aაბრამია, პოლიო
_93851
245 _aალაზნის პირას :
_bლექსები /
_cსულხან აბდელანი ; რედ. დ. ფანჩულიძე.
264 _aთბილისი :
_bსახელგამი ;
_c1950.
300 _a68 გვ. ;
_c20 სმ.
653 _aალაზნის პირას
653 _aნარკვევები
700 _aქოიავა, მურმან
_eრედაქტორი
_93849
942 _cBK
_2udc